00567nam a2200169 a 450000500170000000800410001702000180005805000260007610000210010224501280012326000330025130000210028452100080030565000430031370000210035670000200037720140310183553.0111017s19uu xx 00 eng d a9781412967037 aLB 3060.57b.D46 2009 aDenstaedt, Linda aWinning strategies for test taking grades 3-8 :ba practical guide for teaching test preparation /cLinda Denstaedt, et al. aCalifornia :bCorwin,c2009. a126 p. :c27 cm. aEDU aTest-taking skillsxStudy and teaching aKelly, Judy Cova aKryza, Kathleen